[Event "9 Round Open"]
[Site "Enniscrone, Sligo, IE"]
[Date "2026.02.06"]
[Round "7"]
[White "Kim, Jimin"]
[Black "Halvorsen, Benjamin"]
[Result "1/2-1/2"]
[Board "11"]
[WhiteFideId "13224271"]
[BlackFideId "1516604"]
[WhiteElo "1776"]
[BlackElo "2007"]
[WhiteTeam "KOR"]
[BlackTeam "NOR"]
[WhiteClock "0:01:07"]
[BlackClock "0:02:07"]
[Variant "Standard"]

1. e4 {[%clk 1:30:28]}  c5 {[%clk 1:30:50]} 2. Nf3 {[%clk 1:30:52]}  d6 {[%clk 1:31:15]} 3. d4 {[%clk 1:31:16]}  cxd4 {[%clk 1:31:39]} 4. Nxd4 {[%clk 1:31:42]}  Nf6 {[%clk 1:32:01]} 5. Nc3 {[%clk 1:32:02]}  Nc6 {[%clk 1:32:26]} 6. Bg5 {[%clk 1:32:01]}  e6 {[%clk 1:32:48]} 7. Qd2 {[%clk 1:31:20]}  Be7 {[%clk 1:32:27]} 8. f3 {[%clk 1:29:54]}  a6 {[%clk 1:24:33]} 9. O-O-O {[%clk 1:29:12]}  Bd7 {[%clk 1:23:26]} 10. h4 {[%clk 1:28:45]}  h5 {[%clk 1:17:47]} 11. Kb1 {[%clk 1:21:46]}  b5 {[%clk 1:16:38]} 12. Nce2 {[%clk 1:13:57]}  Rc8 {[%clk 1:12:43]} 13. Nxc6 {[%clk 1:09:03]}  Bxc6 {[%clk 1:04:26]} 14. Nd4 {[%clk 1:06:59]}  Bb7 {[%clk 1:03:57]} 15. Bd3 {[%clk 1:06:37]}  d5 {[%clk 1:01:31]} 16. e5 {[%clk 0:55:24]}  Nd7 {[%clk 1:00:55]} 17. Bxe7 {[%clk 0:54:49]}  Qxe7 {[%clk 1:01:15]} 18. Rde1 {[%clk 0:54:49]}  Nb6 {[%clk 0:52:49]} 19. Qg5 {[%clk 0:41:01]}  Qf8 {[%clk 0:36:08]} 20. g4 {[%clk 0:25:45]}  g6 {[%clk 0:30:29]} 21. gxh5 {[%clk 0:18:23]}  Rxh5 {[%clk 0:30:27]} 22. Nxe6 {[%clk 0:18:41]}  Rxg5 {[%clk 0:27:12]} 23. Nxf8 {[%clk 0:18:54]}  Rg3 {[%clk 0:26:51]} 24. Nh7 {[%clk 0:19:18]}  Nc4 {[%clk 0:22:38]} 25. e6 {[%clk 0:15:54]}  fxe6 {[%clk 0:17:52]} 26. Rxe6+ {[%clk 0:16:14]}  Kd7 {[%clk 0:09:54]} 27. Rxg6 {[%clk 0:12:26]}  Rxf3 {[%clk 0:09:26]} 28. Rf6 {[%clk 0:09:46]}  Nd2+ {[%clk 0:07:11]} 29. Ka1 {[%clk 0:10:11]}  Rxf6 {[%clk 0:07:16]} 30. Nxf6+ {[%clk 0:10:33]}  Ke6 {[%clk 0:07:32]} 31. Ng4 {[%clk 0:07:26]}  Ne4 {[%clk 0:07:04]} 32. h5 {[%clk 0:05:38]}  Rh8 {[%clk 0:06:25]} 33. Rh2 {[%clk 0:02:40]}  Kf5 {[%clk 0:04:46]} 34. Ne3+ {[%clk 0:01:22]}  Kg5 {[%clk 0:04:48]} 35. b3 {[%clk 0:00:56]}  Rxh5 {[%clk 0:02:57]} 36. Rxh5+ {[%clk 0:01:23]}  Kxh5 {[%clk 0:03:20]} 37. b4 {[%clk 0:01:19]}  Kg5 {[%clk 0:03:07]} 38. Kb2 {[%clk 0:01:29]}  Kf4 {[%clk 0:03:12]} 39. Ng2+ {[%clk 0:01:07]}  Kg3 {[%clk 0:02:07]} 1/2-1/2

[Event "9 Round Open"]
[Site "Enniscrone, Sligo, IE"]
[Date "2026.02.06"]
[Round "7"]
[White "Stokes, Stephen"]
[Black "Morriss, Pete"]
[Result "1-0"]
[Board "12"]
[WhiteFideId "2503530"]
[BlackFideId "2500230"]
[WhiteElo "1875"]
[BlackElo "1931"]
[WhiteTeam "IRL"]
[BlackTeam "IRL"]
[WhiteClock "0:20:05"]
[BlackClock "0:03:15"]
[Variant "Standard"]

1. d4 {[%clk 1:30:57]}  d5 {[%clk 1:30:16]} 2. Nf3 {[%clk 1:31:06]}  Nf6 {[%clk 1:30:37]} 3. c4 {[%clk 1:31:20]}  e6 {[%clk 1:30:38]} 4. g3 {[%clk 1:31:09]}  Be7 {[%clk 1:30:22]} 5. Bg2 {[%clk 1:30:59]}  O-O {[%clk 1:30:23]} 6. O-O {[%clk 1:31:02]}  dxc4 {[%clk 1:30:10]} 7. Ne5 {[%clk 1:30:46]}  Nbd7 {[%clk 1:23:36]} 8. Nxc4 {[%clk 1:25:20]}  c6 {[%clk 1:20:29]} 9. Qc2 {[%clk 1:22:17]}  Nb6 {[%clk 1:18:41]} 10. Rd1 {[%clk 1:18:42]}  Nxc4 {[%clk 1:12:34]} 11. Qxc4 {[%clk 1:19:04]}  Qc7 {[%clk 1:12:41]} 12. Nc3 {[%clk 1:17:49]}  Bd6 {[%clk 1:06:25]} 13. Bg5 {[%clk 1:04:20]}  Nd5 {[%clk 1:04:44]} 14. Rac1 {[%clk 1:00:09]}  h6 {[%clk 1:01:42]} 15. Bd2 {[%clk 0:58:59]}  Qe7 {[%clk 0:59:32]} 16. Ne4 {[%clk 0:55:26]}  Bb4 {[%clk 0:48:33]} 17. a3 {[%clk 0:52:55]}  Bxd2 {[%clk 0:45:33]} 18. Rxd2 {[%clk 0:52:13]}  e5 {[%clk 0:40:40]} 19. Nc5 {[%clk 0:48:58]}  exd4 {[%clk 0:27:44]} 20. Qxd4 {[%clk 0:44:01]}  b6 {[%clk 0:25:58]} 21. Nd3 {[%clk 0:41:21]}  Bb7 {[%clk 0:25:15]} 22. Bxd5 {[%clk 0:34:10]}  cxd5 {[%clk 0:22:55]} 23. Nf4 {[%clk 0:33:17]}  Rad8 {[%clk 0:19:48]} 24. Rcd1 {[%clk 0:32:33]}  Qg5 {[%clk 0:08:14]} 25. Qa4 {[%clk 0:27:16]}  a6 {[%clk 0:07:51]} 26. e4 {[%clk 0:23:24]}  dxe4 {[%clk 0:06:42]} 27. h4 {[%clk 0:22:40]}  Qe7 {[%clk 0:06:37]} 28. Rd7 {[%clk 0:21:44]}  Rxd7 {[%clk 0:04:43]} 29. Rxd7 {[%clk 0:22:08]}  Qe8 {[%clk 0:04:57]} 30. Qd4 {[%clk 0:21:56]}  Bc6 {[%clk 0:03:01]} 31. Nh5 {[%clk 0:20:16]}  f6 {[%clk 0:02:50]} 32. Rxg7+ {[%clk 0:20:27]}  Kh8 {[%clk 0:03:15]} 33. Nxf6 {[%clk 0:20:05]} 1-0

[Event "9 Round Open"]
[Site "Enniscrone, Sligo, IE"]
[Date "2026.02.06"]
[Round "7"]
[White "Bienko, Jagoda"]
[Black "Vitiukov, Mikhail"]
[Result "1/2-1/2"]
[Board "13"]
[WhiteFideId "1194569"]
[BlackFideId "14168839"]
[WhiteElo "1803"]
[BlackElo "1650"]
[WhiteTeam "AUT"]
[BlackTeam "UKR"]
[WhiteClock "0:01:26"]
[BlackClock "0:01:05"]
[Variant "Standard"]

1. d4 {[%clk 1:30:57]}  d6 {[%clk 1:27:04]} 2. c4 {[%clk 1:31:18]}  Nf6 {[%clk 1:27:26]} 3. Nc3 {[%clk 1:31:19]}  Nbd7 {[%clk 1:27:43]} 4. e4 {[%clk 1:30:57]}  e5 {[%clk 1:28:09]} 5. d5 {[%clk 1:31:17]}  Be7 {[%clk 1:28:34]} 6. g3 {[%clk 1:30:42]}  c6 {[%clk 1:27:39]} 7. Bg2 {[%clk 1:29:18]}  O-O {[%clk 1:27:47]} 8. Nge2 {[%clk 1:28:50]}  Qc7 {[%clk 1:26:32]} 9. O-O {[%clk 1:29:07]}  h6 {[%clk 1:26:35]} 10. f3 {[%clk 1:29:09]}  cxd5 {[%clk 1:22:01]} 11. cxd5 {[%clk 1:29:26]}  Qc5+ {[%clk 1:22:06]} 12. Kh1 {[%clk 1:26:03]}  b5 {[%clk 1:17:22]} 13. a3 {[%clk 1:20:52]}  a5 {[%clk 1:07:06]} 14. b4 {[%clk 1:17:31]}  Qb6 {[%clk 1:07:34]} 15. bxa5 {[%clk 1:12:20]}  Rxa5 {[%clk 1:07:53]} 16. Na2 {[%clk 1:08:50]}  Bb7 {[%clk 0:47:04]} 17. Nb4 {[%clk 1:04:51]}  Rc8 {[%clk 0:51:42]} 18. Bb2 {[%clk 1:01:46]}  Qe3 {[%clk 0:44:32]} 19. Rc1 {[%clk 0:58:20]}  Nb6 {[%clk 0:37:36]} 20. Rxc8+ {[%clk 0:50:36]}  Nxc8 {[%clk 0:37:57]} 21. Nc6 {[%clk 0:31:31]}  Bxc6 {[%clk 0:38:21]} 22. dxc6 {[%clk 0:31:55]}  Ra6 {[%clk 0:32:26]} 23. Qc2 {[%clk 0:31:17]}  Qc5 {[%clk 0:32:36]} 24. Qxc5 {[%clk 0:31:02]}  dxc5 {[%clk 0:33:04]} 25. Bxe5 {[%clk 0:25:57]}  Rxc6 {[%clk 0:33:16]} 26. Nc3 {[%clk 0:25:47]}  c4 {[%clk 0:32:36]} 27. Rb1 {[%clk 0:21:22]}  Nd7 {[%clk 0:27:54]} 28. Bd4 {[%clk 0:21:02]}  Bc5 {[%clk 0:19:27]} 29. Bxc5 {[%clk 0:19:51]}  Rxc5 {[%clk 0:19:02]} 30. Nxb5 {[%clk 0:16:39]}  c3 {[%clk 0:18:58]} 31. Bf1 {[%clk 0:07:07]}  Ne5 {[%clk 0:13:32]} 32. Rc1 {[%clk 0:06:04]}  Nxf3 {[%clk 0:05:05]} 33. Rxc3 {[%clk 0:06:12]}  Rxc3 {[%clk 0:04:52]} 34. Nxc3 {[%clk 0:06:36]}  Nd2 {[%clk 0:05:16]} 35. Bh3 {[%clk 0:06:26]}  Nd6 {[%clk 0:05:18]} 36. Bg2 {[%clk 0:06:12]}  Kf8 {[%clk 0:04:54]} 37. Kg1 {[%clk 0:05:51]}  Ke7 {[%clk 0:05:19]} 38. Kf2 {[%clk 0:06:00]}  Ke6 {[%clk 0:05:15]} 39. a4 {[%clk 0:05:31]}  N2c4 {[%clk 0:04:56]} 40. Ke2 {[%clk 0:05:02]}  Ke5 {[%clk 0:04:59]} 41. Kd3 {[%clk 0:05:11]}  f6 {[%clk 0:05:06]} 42. Bh3 {[%clk 0:01:53]}  g5 {[%clk 0:02:35]} 43. Bg2 {[%clk 0:01:19]}  h5 {[%clk 0:01:10]} 44. Bf3 {[%clk 0:00:47]}  h4 {[%clk 0:01:01]} 45. gxh4 {[%clk 0:01:13]}  gxh4 {[%clk 0:01:27]} 46. h3 {[%clk 0:01:31]}  Na5 {[%clk 0:01:28]} 47. Nd5 {[%clk 0:00:42]}  Nab7 {[%clk 0:00:43]} 48. Nc3 {[%clk 0:00:41]}  Nc5+ {[%clk 0:01:01]} 49. Ke3 {[%clk 0:00:56]}  Nc4+ {[%clk 0:01:20]} 50. Ke2 {[%clk 0:01:10]}  Kd4 {[%clk 0:00:47]} 51. Nb5+ {[%clk 0:00:42]}  Ke5 {[%clk 0:01:06]} 52. Nc3 {[%clk 0:01:07]}  Nb3 {[%clk 0:01:07]} 53. Kd3 {[%clk 0:00:32]}  Nca5 {[%clk 0:00:52]} 54. Bd1 {[%clk 0:00:35]}  Nc5+ {[%clk 0:01:13]} 55. Ke3 {[%clk 0:00:51]}  Nc4+ {[%clk 0:01:34]} 56. Kf3 {[%clk 0:01:00]}  Ne6 {[%clk 0:00:55]} 57. Kg4 {[%clk 0:00:47]}  Ne3+ {[%clk 0:00:53]} 58. Kxh4 {[%clk 0:01:00]}  Nxd1 {[%clk 0:00:37]} 59. Nxd1 {[%clk 0:01:26]}  Kxe4 {[%clk 0:01:05]} 1/2-1/2

[Event "9 Round Open"]
[Site "Enniscrone, Sligo, IE"]
[Date "2026.02.06"]
[Round "7"]
[White "Webb, Nick"]
[Black "Armstrong, Chris"]
[Result "1-0"]
[Board "14"]
[WhiteFideId "2517302"]
[BlackFideId "2510340"]
[WhiteElo "1876"]
[BlackElo "1648"]
[WhiteTeam "IRL"]
[BlackTeam "IRL"]
[WhiteClock "0:26:01"]
[BlackClock "0:37:03"]
[Variant "Standard"]

1. Nf3 {[%clk 1:30:30]}  Nf6 {[%clk 1:18:37]} 2. c4 {[%clk 1:31:01]}  g6 {[%clk 1:18:36]} 3. b3 {[%clk 1:31:13]}  Bg7 {[%clk 1:18:58]} 4. Bb2 {[%clk 1:31:37]}  O-O {[%clk 1:19:20]} 5. g3 {[%clk 1:31:58]}  d6 {[%clk 1:19:13]} 6. Bg2 {[%clk 1:32:13]}  e5 {[%clk 1:19:26]} 7. d3 {[%clk 1:32:23]}  Nc6 {[%clk 1:19:17]} 8. O-O {[%clk 1:32:03]}  h6 {[%clk 1:17:53]} 9. e4 {[%clk 1:28:51]}  Be6 {[%clk 1:16:52]} 10. Nc3 {[%clk 1:28:31]}  Qd7 {[%clk 1:16:45]} 11. Nd5 {[%clk 1:28:21]}  Ne7 {[%clk 1:16:25]} 12. Rc1 {[%clk 1:23:12]}  c6 {[%clk 1:16:15]} 13. Nxf6+ {[%clk 1:22:34]}  Bxf6 {[%clk 1:16:35]} 14. Qd2 {[%clk 1:22:07]}  Bg7 {[%clk 1:16:45]} 15. d4 {[%clk 1:20:47]}  exd4 {[%clk 1:16:14]} 16. Bxd4 {[%clk 1:20:24]}  Bh3 {[%clk 1:16:03]} 17. Bxh3 {[%clk 1:18:52]}  Qxh3 {[%clk 1:16:13]} 18. Bxg7 {[%clk 1:19:10]}  Kxg7 {[%clk 1:16:29]} 19. Qxd6 {[%clk 1:18:41]}  Ng8 {[%clk 1:11:03]} 20. Rcd1 {[%clk 1:13:13]}  Rfd8 {[%clk 1:08:38]} 21. Qe5+ {[%clk 1:09:44]}  Nf6 {[%clk 1:06:55]} 22. Qc3 {[%clk 0:52:43]}  Qe6 {[%clk 1:05:04]} 23. Rxd8 {[%clk 0:47:33]}  Rxd8 {[%clk 1:05:19]} 24. Re1 {[%clk 0:47:25]}  Kg8 {[%clk 1:03:52]} 25. e5 {[%clk 0:46:20]}  Ne8 {[%clk 1:02:17]} 26. Qe3 {[%clk 0:42:18]}  Kh7 {[%clk 0:55:16]} 27. Nd4 {[%clk 0:38:34]}  Qg4 {[%clk 0:51:02]} 28. e6 {[%clk 0:35:11]}  fxe6 {[%clk 0:46:02]} 29. Nxe6 {[%clk 0:34:38]}  Rd1 {[%clk 0:43:18]} 30. Ng5+ {[%clk 0:29:13]}  hxg5 {[%clk 0:41:08]} 31. Qxe8 {[%clk 0:29:17]}  Rxe1+ {[%clk 0:40:52]} 32. Qxe1 {[%clk 0:29:42]}  Qd7 {[%clk 0:40:57]} 33. Qe3 {[%clk 0:29:15]}  a6 {[%clk 0:39:25]} 34. Qxg5 {[%clk 0:29:15]}  Qd1+ {[%clk 0:39:36]} 35. Kg2 {[%clk 0:29:27]}  Qd7 {[%clk 0:39:19]} 36. h4 {[%clk 0:27:50]}  b5 {[%clk 0:37:59]} 37. h5 {[%clk 0:27:28]}  gxh5 {[%clk 0:37:55]} 38. Qxh5+ {[%clk 0:27:49]}  Kg7 {[%clk 0:38:13]} 39. Qe5+ {[%clk 0:27:46]}  Kf7 {[%clk 0:38:14]} 40. c5 {[%clk 0:27:51]}  a5 {[%clk 0:37:58]} 41. Qe4 {[%clk 0:25:38]}  a4 {[%clk 0:36:26]} 42. Qh7+ {[%clk 0:25:45]}  Ke6 {[%clk 0:36:39]} 43. Qxd7+ {[%clk 0:25:46]}  Kxd7 {[%clk 0:37:03]} 44. Kf3 {[%clk 0:26:01]} 1-0

[Event "9 Round Open"]
[Site "Enniscrone, Sligo, IE"]
[Date "2026.02.06"]
[Round "7"]
[White "Ashbrooke, Monika"]
[Black "Fathallah, Joe"]
[Result "0-1"]
[Board "15"]
[WhiteFideId "15600262"]
[BlackFideId "1801899"]
[WhiteTitle "WCM"]
[WhiteElo "1628"]
[BlackElo "1956"]
[WhiteTeam "JCI"]
[BlackTeam "WLS"]
[WhiteClock "0:06:28"]
[BlackClock "0:07:03"]
[Variant "Standard"]

1. d4 {[%clk 1:29:15]}  f5 {[%clk 1:30:44]} 2. g3 {[%clk 1:29:11]}  Nf6 {[%clk 1:31:09]} 3. Bg2 {[%clk 1:29:33]}  g6 {[%clk 1:31:24]} 4. c3 {[%clk 1:29:32]}  Nc6 {[%clk 1:21:57]} 5. Nh3 {[%clk 1:28:45]}  Bg7 {[%clk 1:16:45]} 6. O-O {[%clk 1:27:36]}  O-O {[%clk 1:12:53]} 7. Qb3+ {[%clk 1:26:19]}  d5 {[%clk 1:09:22]} 8. Nf4 {[%clk 1:25:12]}  e6 {[%clk 1:09:16]} 9. Nd2 {[%clk 1:23:32]}  Qe7 {[%clk 0:59:26]} 10. Nf3 {[%clk 1:19:49]}  Na5 {[%clk 0:55:13]} 11. Qb5 {[%clk 1:02:17]}  Nc4 {[%clk 0:52:33]} 12. Nd3 {[%clk 0:57:10]}  a6 {[%clk 0:48:24]} 13. Qb3 {[%clk 0:52:49]}  b6 {[%clk 0:46:59]} 14. Nfe5 {[%clk 0:47:22]}  Nxe5 {[%clk 0:46:16]} 15. Nxe5 {[%clk 0:45:33]}  Bb7 {[%clk 0:43:39]} 16. c4 {[%clk 0:43:36]}  dxc4 {[%clk 0:42:15]} 17. Qxc4 {[%clk 0:43:43]}  Bxg2 {[%clk 0:42:12]} 18. Kxg2 {[%clk 0:44:06]}  Nd5 {[%clk 0:41:38]} 19. Bd2 {[%clk 0:42:25]}  Qd6 {[%clk 0:37:31]} 20. Nf3 {[%clk 0:36:13]}  Rfc8 {[%clk 0:30:55]} 21. b4 {[%clk 0:35:03]}  b5 {[%clk 0:29:35]} 22. Qc5 {[%clk 0:33:57]}  Qxc5 {[%clk 0:29:08]} 23. bxc5 {[%clk 0:33:41]}  c6 {[%clk 0:28:43]} 24. Ne5 {[%clk 0:29:10]}  Bxe5 {[%clk 0:28:36]} 25. dxe5 {[%clk 0:29:32]}  Rd8 {[%clk 0:24:15]} 26. Ba5 {[%clk 0:29:10]}  Rd7 {[%clk 0:24:26]} 27. Rfd1 {[%clk 0:29:26]}  g5 {[%clk 0:21:53]} 28. h3 {[%clk 0:27:10]}  Kg7 {[%clk 0:20:46]} 29. Kf3 {[%clk 0:27:24]}  Rf8 {[%clk 0:16:08]} 30. e3 {[%clk 0:15:51]}  h5 {[%clk 0:15:44]} 31. Rd2 {[%clk 0:14:22]}  g4+ {[%clk 0:15:03]} 32. hxg4 {[%clk 0:13:41]}  hxg4+ {[%clk 0:15:15]} 33. Kg2 {[%clk 0:13:21]}  Rh8 {[%clk 0:14:21]} 34. Rh1 {[%clk 0:13:39]}  Rxh1 {[%clk 0:15:17]} 35. Kxh1 {[%clk 0:14:05]}  Kg6 {[%clk 0:14:25]} 36. Rd4 {[%clk 0:14:09]}  Rb7 {[%clk 0:08:48]} 37. Kg2 {[%clk 0:11:40]}  b4 {[%clk 0:07:28]} 38. e4 {[%clk 0:10:26]}  fxe4 {[%clk 0:07:44]} 39. Rxe4 {[%clk 0:10:53]}  Kf5 {[%clk 0:07:50]} 40. f3 {[%clk 0:11:11]}  b3 {[%clk 0:06:29]} 41. axb3 {[%clk 0:10:25]}  gxf3+ {[%clk 0:06:44]} 42. Kxf3 {[%clk 0:06:28]}  Rxb3+ {[%clk 0:07:03]} 0-1

[Event "9 Round Open"]
[Site "Enniscrone, Sligo, IE"]
[Date "2026.02.06"]
[Round "7"]
[White "Rosol, Philip"]
[Black "Saine, Zachary"]
[Result "0-1"]
[Board "16"]
[WhiteFideId "1664905"]
[BlackFideId "2624346"]
[WhiteElo "2271"]
[BlackElo "2149"]
[WhiteTeam "POL"]
[BlackTeam "CAN"]
[WhiteClock "0:01:00"]
[BlackClock "0:08:51"]
[Variant "Standard"]

1. d4 {[%clk 1:30:48]}  d5 {[%clk 1:30:22]} 2. c4 {[%clk 1:31:10]}  e6 {[%clk 1:30:47]} 3. Nc3 {[%clk 1:31:30]}  c6 {[%clk 1:30:52]} 4. e3 {[%clk 1:31:43]}  f5 {[%clk 1:31:11]} 5. Bd3 {[%clk 1:31:53]}  Nh6 {[%clk 1:31:16]} 6. f4 {[%clk 1:25:07]}  Qh4+ {[%clk 1:18:53]} 7. g3 {[%clk 1:24:42]}  Qf6 {[%clk 1:19:18]} 8. Nf3 {[%clk 1:18:35]}  Be7 {[%clk 1:17:54]} 9. b3 {[%clk 1:12:39]}  O-O {[%clk 1:15:51]} 10. Bb2 {[%clk 1:06:03]}  Bd7 {[%clk 1:06:05]} 11. h3 {[%clk 1:03:21]}  Nf7 {[%clk 0:42:41]} 12. g4 {[%clk 0:55:47]}  Nd6 {[%clk 0:41:07]} 13. g5 {[%clk 0:50:36]}  Qf7 {[%clk 0:41:11]} 14. Ne5 {[%clk 0:50:02]}  Qe8 {[%clk 0:41:35]} 15. c5 {[%clk 0:48:01]}  Nf7 {[%clk 0:39:57]} 16. Nxf7 {[%clk 0:36:25]}  Qxf7 {[%clk 0:40:21]} 17. b4 {[%clk 0:35:20]}  a5 {[%clk 0:37:16]} 18. a3 {[%clk 0:31:10]}  Na6 {[%clk 0:35:24]} 19. Na4 {[%clk 0:29:19]}  axb4 {[%clk 0:27:47]} 20. Nb6 {[%clk 0:29:03]}  bxa3 {[%clk 0:27:14]} 21. Rxa3 {[%clk 0:28:57]}  Rad8 {[%clk 0:25:45]} 22. Bxa6 {[%clk 0:29:17]}  bxa6 {[%clk 0:26:10]} 23. Rxa6 {[%clk 0:29:26]}  e5 {[%clk 0:26:04]} 24. O-O {[%clk 0:28:07]}  Qe6 {[%clk 0:21:40]} 25. Kh2 {[%clk 0:21:57]}  Bc8 {[%clk 0:17:54]} 26. Ra7 {[%clk 0:19:20]}  Rfe8 {[%clk 0:15:39]} 27. Re1 {[%clk 0:18:58]}  Qg6 {[%clk 0:12:23]} 28. h4 {[%clk 0:14:48]}  exf4 {[%clk 0:12:42]} 29. exf4 {[%clk 0:14:09]}  Bf8 {[%clk 0:13:11]} 30. Re5 {[%clk 0:09:01]}  Rxe5 {[%clk 0:12:49]} 31. dxe5 {[%clk 0:09:25]}  Bxc5 {[%clk 0:11:10]} 32. e6 {[%clk 0:08:21]}  Bxb6 {[%clk 0:11:33]} 33. h5 {[%clk 0:06:48]}  Qxe6 {[%clk 0:09:31]} 34. Rxg7+ {[%clk 0:07:12]}  Kf8 {[%clk 0:09:57]} 35. Rxh7 {[%clk 0:06:17]}  d4 {[%clk 0:10:14]} 36. h6 {[%clk 0:04:18]}  Qe3 {[%clk 0:07:38]} 37. Bc1 {[%clk 0:04:36]}  Qf2+ {[%clk 0:07:46]} 38. Kh3 {[%clk 0:04:55]}  Ba6 {[%clk 0:07:26]} 39. Ba3+ {[%clk 0:01:47]}  c5 {[%clk 0:07:56]} 40. Rh8+ {[%clk 0:01:17]}  Ke7 {[%clk 0:08:14]} 41. Rh7+ {[%clk 0:01:28]}  Kd6 {[%clk 0:08:33]} 42. Bxc5+ {[%clk 0:01:00]}  Bxc5 {[%clk 0:08:51]} 0-1

[Event "9 Round Open"]
[Site "Enniscrone, Sligo, IE"]
[Date "2026.02.06"]
[Round "7"]
[White "Salmin, Vitaliy"]
[Black "Dolan, Peter"]
[Result "0-1"]
[Board "17"]
[WhiteFideId "34147885"]
[BlackFideId "2413612"]
[WhiteElo "1802"]
[BlackElo "1781"]
[WhiteTeam "IRL"]
[BlackTeam "SCO"]
[WhiteClock "0:01:37"]
[BlackClock "0:21:07"]
[Variant "Standard"]

1. e4 {[%clk 1:13:28]}  c5 {[%clk 1:30:54]} 2. d4 {[%clk 1:13:53]}  e6 {[%clk 1:31:18]} 3. Nf3 {[%clk 1:14:17]}  cxd4 {[%clk 1:31:39]} 4. c3 {[%clk 1:14:43]}  d5 {[%clk 1:30:42]} 5. e5 {[%clk 1:13:55]}  dxc3 {[%clk 1:30:30]} 6. Nxc3 {[%clk 1:14:18]}  Nc6 {[%clk 1:30:30]} 7. Bd3 {[%clk 1:10:50]}  Nge7 {[%clk 1:28:26]} 8. Bg5 {[%clk 1:07:39]}  Qa5 {[%clk 1:22:51]} 9. O-O {[%clk 1:01:28]}  Ng6 {[%clk 1:21:18]} 10. Qe2 {[%clk 0:59:39]}  a6 {[%clk 1:19:56]} 11. Rfd1 {[%clk 0:52:28]}  Bd7 {[%clk 1:10:15]} 12. Bd2 {[%clk 0:46:55]}  Qc7 {[%clk 1:08:31]} 13. Bxg6 {[%clk 0:41:57]}  hxg6 {[%clk 1:08:38]} 14. Rac1 {[%clk 0:41:38]}  Be7 {[%clk 1:05:39]} 15. b4 {[%clk 0:37:38]}  b5 {[%clk 1:02:32]} 16. a4 {[%clk 0:37:36]}  Qb8 {[%clk 0:56:55]} 17. axb5 {[%clk 0:33:58]}  axb5 {[%clk 0:57:10]} 18. Nxb5 {[%clk 0:30:38]}  O-O {[%clk 0:56:16]} 19. Nbd4 {[%clk 0:25:29]}  Nxd4 {[%clk 0:54:48]} 20. Nxd4 {[%clk 0:25:48]}  Ra2 {[%clk 0:52:07]} 21. Ra1 {[%clk 0:21:05]}  Qa7 {[%clk 0:50:13]} 22. Rxa2 {[%clk 0:18:18]}  Qxa2 {[%clk 0:50:33]} 23. Bc3 {[%clk 0:14:32]}  Ra8 {[%clk 0:49:49]} 24. f4 {[%clk 0:09:13]}  Qxe2 {[%clk 0:49:27]} 25. Nxe2 {[%clk 0:09:36]}  Ra2 {[%clk 0:43:45]} 26. Rd2 {[%clk 0:05:26]}  Rxd2 {[%clk 0:35:59]} 27. Bxd2 {[%clk 0:05:44]}  f6 {[%clk 0:35:45]} 28. Kf2 {[%clk 0:05:25]}  Bd8 {[%clk 0:35:19]} 29. Be3 {[%clk 0:04:21]}  Kf7 {[%clk 0:34:02]} 30. Nc3 {[%clk 0:03:14]}  Bc7 {[%clk 0:33:09]} 31. Bd4 {[%clk 0:03:23]}  g5 {[%clk 0:29:32]} 32. g3 {[%clk 0:02:23]}  gxf4 {[%clk 0:29:36]} 33. gxf4 {[%clk 0:02:52]}  Kg6 {[%clk 0:29:41]} 34. b5 {[%clk 0:00:51]}  Kf5 {[%clk 0:29:58]} 35. b6 {[%clk 0:01:09]}  Bb8 {[%clk 0:30:18]} 36. Kf3 {[%clk 0:01:05]}  Bc6 {[%clk 0:29:41]} 37. exf6 {[%clk 0:00:41]}  gxf6 {[%clk 0:29:50]} 38. Ne2 {[%clk 0:00:46]}  Bb5 {[%clk 0:25:17]} 39. Ng3+ {[%clk 0:01:07]}  Kg6 {[%clk 0:25:41]} 40. h4 {[%clk 0:01:07]}  e5 {[%clk 0:25:25]} 41. h5+ {[%clk 0:00:46]}  Kf7 {[%clk 0:24:56]} 42. fxe5 {[%clk 0:00:43]}  fxe5 {[%clk 0:25:12]} 43. Bc5 {[%clk 0:00:57]}  Kf6 {[%clk 0:23:26]} 44. Kg4 {[%clk 0:00:36]}  Bd7+ {[%clk 0:23:08]} 45. Kh4 {[%clk 0:00:47]}  Bc6 {[%clk 0:18:47]} 46. h6 {[%clk 0:00:41]}  Kg6 {[%clk 0:18:36]} 47. Nf5 {[%clk 0:00:57]}  Be8 {[%clk 0:16:39]} 48. Ne7+ {[%clk 0:00:42]}  Kxh6 {[%clk 0:16:43]} 49. Nxd5 {[%clk 0:01:10]}  Kg6 {[%clk 0:15:32]} 50. Kg4 {[%clk 0:01:16]}  Bd7+ {[%clk 0:15:29]} 51. Kf3 {[%clk 0:01:45]}  Bc6 {[%clk 0:15:38]} 52. Ke4 {[%clk 0:02:05]}  Kf7 {[%clk 0:15:49]} 53. Be3 {[%clk 0:02:29]}  Ke6 {[%clk 0:16:14]} 54. Bf2 {[%clk 0:02:21]}  Bxd5+ {[%clk 0:16:32]} 55. Kd3 {[%clk 0:02:38]}  e4+ {[%clk 0:16:19]} 56. Kd4 {[%clk 0:02:38]}  Bb7 {[%clk 0:16:23]} 57. Be3 {[%clk 0:02:57]}  Kf5 {[%clk 0:16:18]} 58. Bg1 {[%clk 0:02:32]}  Be5+ {[%clk 0:16:25]} 59. Ke3 {[%clk 0:02:26]}  Bf6 {[%clk 0:16:12]} 60. Bf2 {[%clk 0:02:37]}  Be7 {[%clk 0:16:32]} 61. Ke2 {[%clk 0:02:32]}  Kf4 {[%clk 0:16:54]} 62. Be3+ {[%clk 0:02:45]}  Ke5 {[%clk 0:17:01]} 63. Kd2 {[%clk 0:02:41]}  Bb4+ {[%clk 0:17:14]} 64. Kc2 {[%clk 0:02:58]}  Kd5 {[%clk 0:17:30]} 65. Kb3 {[%clk 0:02:18]}  Bc5 {[%clk 0:17:42]} 66. Bf4 {[%clk 0:02:25]}  Bxb6 {[%clk 0:18:03]} 67. Kc3 {[%clk 0:02:39]}  Bd4+ {[%clk 0:18:22]} 68. Kd2 {[%clk 0:03:01]}  Bc8 {[%clk 0:18:26]} 69. Ke2 {[%clk 0:03:03]}  Kc4 {[%clk 0:18:23]} 70. Kd2 {[%clk 0:03:19]}  Bg1 {[%clk 0:18:35]} 71. Bg5 {[%clk 0:03:34]}  Bg4 {[%clk 0:18:08]} 72. Bf4 {[%clk 0:03:40]}  Bf2 {[%clk 0:18:12]} 73. Bg5 {[%clk 0:03:51]}  Kd5 {[%clk 0:18:12]} 74. Bf4 {[%clk 0:03:52]}  Ke6 {[%clk 0:18:34]} 75. Bg5 {[%clk 0:03:21]}  Kf5 {[%clk 0:18:57]} 76. Bh6 {[%clk 0:03:50]}  Bg3 {[%clk 0:19:21]} 77. Bg7 {[%clk 0:03:39]}  Bf4+ {[%clk 0:19:44]} 78. Ke1 {[%clk 0:04:03]}  e3 {[%clk 0:20:05]} 79. Bc3 {[%clk 0:03:46]}  Ke4 {[%clk 0:20:27]} 80. Bb4 {[%clk 0:03:57]}  Kd3 {[%clk 0:20:44]} 81. Ba5 {[%clk 0:02:19]}  e2 {[%clk 0:20:49]} 82. Kf2 {[%clk 0:01:37]}  Bd2 {[%clk 0:21:07]} 0-1

[Event "9 Round Open"]
[Site "Enniscrone, Sligo, IE"]
[Date "2026.02.06"]
[Round "7"]
[White "Konig, Jon"]
[Black "Kelbas, Dariy"]
[Result "0-1"]
[Board "18"]
[WhiteFideId "343468780"]
[BlackFideId "34160515"]
[WhiteElo "1661"]
[BlackElo "1866"]
[WhiteTeam "ENG"]
[BlackTeam "UKR"]
[WhiteClock "1:17:56"]
[BlackClock "1:19:33"]
[Variant "Standard"]

1. e4 {[%clk 1:30:57]}  d5 {[%clk 1:30:43]} 2. exd5 {[%clk 1:31:19]}  Qxd5 {[%clk 1:31:06]} 3. Nc3 {[%clk 1:31:38]}  Qa5 {[%clk 1:31:30]} 4. Nf3 {[%clk 1:31:19]}  Nf6 {[%clk 1:31:30]} 5. d4 {[%clk 1:31:03]}  Bg4 {[%clk 1:31:53]} 6. Be2 {[%clk 1:30:54]}  Nc6 {[%clk 1:31:54]} 7. Be3 {[%clk 1:28:41]}  O-O-O {[%clk 1:31:50]} 8. O-O {[%clk 1:28:49]}  e5 {[%clk 1:30:47]} 9. Ng5 {[%clk 1:25:47]}  Be6 {[%clk 1:25:30]} 10. Nxe6 {[%clk 1:21:51]}  fxe6 {[%clk 1:25:52]} 11. Bg4 {[%clk 1:21:25]}  exd4 {[%clk 1:23:15]} 12. Bxe6+ {[%clk 1:21:33]}  Kb8 {[%clk 1:23:21]} 13. Qf3 {[%clk 1:16:57]}  dxe3 {[%clk 1:21:42]} 14. Qxe3 {[%clk 1:17:21]}  Qe5 {[%clk 1:19:11]} 15. Qh3 {[%clk 1:17:34]}  Bd6 {[%clk 1:19:11]} 16. Rfe1 {[%clk 1:17:56]}  Qh5 {[%clk 1:19:33]} 0-1